| 000 | 00656nam a2200205Ia 4500 | ||
|---|---|---|---|
| 003 | GCL | ||
| 008 | 140319s9999 xx 000 0 ara d | ||
| 040 |
_aGCL / _cGCL |
||
| 082 | 0 | 4 |
_a811.009 _bع ح |
| 100 | 1 | _aعبدالمحسن طه بدر | |
| 245 | 1 | 0 |
_aحول الاديب والواقع: دراسة تطبيقية / _cعبدالمحسن طه بدر |
| 300 | _a116 ص | ||
| 490 |
_a100 قصة _v0 |
||
| 650 | 0 | 4 | _aالادب العربى |
| 650 | 0 | 4 | _aالشعر العربى - تاريخ ونقد |
| 650 | 0 | 4 | _aفدوى طوقان |
| 650 | 0 | 4 | _aنزار قبانى |
| 650 | 0 | 4 | _aالادب العربى - تاريخ ونقد |
| 942 |
_2ddc _cBK |
||
| 999 |
_c46371 _d46371 |
||